Städte auf der selben geogr. Länge oder Breite wie Frankfurt + Karte - Statistiken

Allgemein
  • Dieses Quiz wurde 168 mal gespielt
  • Das Durchschnittsergebnis liegt bei 16 aus 41
Antworten auf der Karte
Die Antworten werden auf der Karte rot bzw. grün angezeigt, abhängig davon wie oft sie richtig erraten wurden.
 
Antwortstatistiken
Himmelsrichtung Land Stadt Einwohnerzahl % Korrekt
Ost Tschechien Prag 1.335k
94%
Nord Deutschland Bremen 567k
89%
Ost Ukraine Kiew 2.964k
79%
Süd Schweiz Zürich 422k
79%
Nord Deutschland Bremerhaven 114k
76%
West Deutschland Mainz 217k
75%
Süd Deutschland Mannheim 310k
75%
West Deutschland Wiesbaden 279k
75%
Süd Deutschland Karlsruhe 308k
70%
Süd Italien Genua 573k
68%
Süd Deutschland Heidelberg 159k
64%
Süd Deutschland Darmstadt 159k
61%
Ost Polen Krakau 780k
61%
Ost Deutschland Offenbach 131k
61%
Nord Deutschland Bielefeld 334k
60%
Nord Deutschland Paderborn 152k
55%
Süd Deutschland Ludwigshafen 173k
54%
Ost Ukraine Charkiw 1.446k
49%
Süd Deutschland Pforzheim 126k
45%
Ost Polen Katowice 298k
40%
Süd Schweiz Winterthur 114k
32%
Süd Nigeria Kano 2.829k
27%
Süd Äquatorialguinea Malabo 297k
27%
Süd Italien Sassari 126k
21%
Ost Polen Rzeszów 197k
16%
Ost Polen Tarnów 109k
12%
Süd Italien Novara 104k
11%
Ost Polen Rybnik 137k
11%
Ost Ukraine Schytomyr 267k
11%
Ost Polen Tychy 127k
11%
Ost Kasachstan Aqtöbe 512k
8%
Süd Nigeria Jos 623k
8%
Ost Kasachstan Öskemen 333k
8%
Süd Gabon Port-Gentil 136k
8%
Ost Polen Sosnowiec 198k
8%
Ost Russland Kamyschin 120k
7%
Süd Nigeria Lafia 331k
6%
Süd Nigeria Makurdi 365k
6%
Ost Polen Ruda Śląska 136k
6%
Ost Kasachstan Semei 324k
6%
Ost Kasachstan Temirtau 179k
4%
Keine übereinstimmenden Quizze gefunden
Verteilung der Resultate
Anzahl Personen mit jedem Resultat
Perzentil nach korrekt beantworteten Fragen
Ihre Resultats-Entwicklung
Sie haben dieses Quiz noch nicht gespielt